| 000 | 00471nam a2200181Ia 4500 | ||
|---|---|---|---|
| 005 | 20250423101658.0 | ||
| 008 | 250422s9999 xx 000 0 und d | ||
| 020 | _a9789350143766 | ||
| 050 | _aTD 345 .U63/ | ||
| 100 | _aUpadhyay, A. K. | ||
| 245 | 0 | _aWater supply and waste water engineering | |
| 260 | _aNew delhi | ||
| 260 | _bS.K. kataria & sons | ||
| 260 | _c2016 | ||
| 300 | _a429 p | ||
| 650 | _a Water-supply engineering. Sewage disposal. | ||
| 942 | _cBK | ||
| 999 |
_c36958 _d36958 |
||